Sống trong bóng tối Tiểu thuyết; T1

保存先:
書誌詳細
第一著者: Michel Wilson
フォーマット: 図書
言語:Undetermined
出版事項: Hà Nội Lao động 1978
主題:
タグ: タグ追加
タグなし, このレコードへの初めてのタグを付けませんか!
Thư viện lưu trữ: Trung tâm Học liệu Trường Đại học Cần Thơ
LEADER 00584nam a2200193Ia 4500
001 CTU_9544
008 210402s9999 xx 000 0 und d
082 |a 813.54 
082 |b W777/T1 
100 |a Michel Wilson 
245 0 |a Sống trong bóng tối 
245 0 |b Tiểu thuyết; T1 
245 0 |c Michel Wilson; Dịch giả: Hoàng Túy 
260 |a Hà Nội 
260 |b Lao động 
260 |c 1978 
650 |a american fiction - 20th century 
904 |i Nguyễn Quang Điền, 960928 
980 |a Trung tâm Học liệu Trường Đại học Cần Thơ